[Event "Bastia CC Winter op 33th"]
[Site "Bastia"]
[Date "2009.01.03"]
[Round "?"]
[White "Baldi, Yvanna"]
[Black "Alessandri, Andrea"]
[Result "0-1"]
[WhiteElo "1220"]
[BlackElo "1280"]
[PlyCount "54"]
[EventDate "2009.01.01"]
[EventType "swiss"]
[EventRounds "5"]
[EventCountry "FRA"]
[SourceTitle "CBM 128 Extra"]
[Source "ChessBase"]
[SourceDate "2009.03.05"]
[SourceVersion "2"]
[SourceVersionDate "2009.03.25"]
[SourceQuality "1"]

1. e4 e5 2. Nf3 Nc6 3. Nc3 Nf6 4. Bb5 Bb4 5. Ng5 0-0 6. Bxc6 dxc6 7. d3 Be6 8. a3 Bc5 9. Na4 Bd4 10. c3 Bb6 11. d4 exd4 12. cxd4 Bxd4 13. f4 Ng4 14. Rf1 Nxh2 15. Rh1 Ng4 16. Rf1 Ne3 17. Bxe3 Bxe3 18. Qe2 Bd4 19. Nf3 Bg4 20. Qc2 Bxf3 21. gxf3 Qh4+ 22. Ke2 Qxf4 23. Kd1 Rad8 24. Ke2 Qe3+ 25. Kd1 Bxb2+ 26. Qd3 Qxd3+ 27. Ke1 Qd2# 0-1